000 00664cam a2200217 a 4500
001 000018568
005 20200929165826.0
008 070514s1970 cu a 000 p spa d
040 _aDO-SdBNP
_bspa
_cDLC
_dBNPHU
082 _a972.91064
_bC336g
100 1 _aCasáus, Víctor,
_d1944-
_940156
245 1 0 _aGirón en la memoria /
_cVíctor Casáus.
260 _aLa Habana, Cuba :
_bCasa de las Américas,
_c1970.
300 _a308 p. :
_bil. ;
_c19 cm.
490 1 _aPremio
651 4 _aCuba
_xHistoria
_yINVASIÓN, 1961
_940157
651 4 _aCuba
_xHistoria
_y1959
_916982
830 0 _aPremio
_98618
910 _aCatalogación por derivada / LC
049 _aBNGR
999 _c18088
_d18088